| 000 | 00725pam a2200229 a 4500 | ||
|---|---|---|---|
| 001 | 4033520 | ||
| 005 | 20180302084546.0 | ||
| 008 | 980414s1999 ohua b 001 0 eng | ||
| 010 | _a 98021500 | ||
| 020 | _a0324002076 | ||
| 040 |
_aDLC _cDLC _dDLC |
||
| 041 | _aeng | ||
| 080 | _a658.3 MAT | ||
| 082 | 0 | 0 |
_a658.3 MAT _221 |
| 100 | _a54 | ||
| 101 | _aBNJ | ||
| 245 | 0 | 0 |
_aHuman resource management : _cconsulting editors, Robert L. Mathis, John H. Jackson. |
| 504 | _aIncludes bibliographical references and index. | ||
| 906 |
_a7 _bcbc _corignew _d1 _eocip _f19 _gy-gencatlg |
||
| 942 |
_2ddc _cBK |
||
| 999 |
_c44089 _d44089 |
||